| 000 | 00811nas a2200265 4500 | ||
|---|---|---|---|
| 001 | BR0706332 | ||
| 003 | BR-BrBNA | ||
| 005 | 20231205111250.0 | ||
| 007 | ta | ||
| 008 | 230509b bl.|||p| |||| 00| 00por d | ||
| 040 |
_aBR-BrBNA _bpor _cBiblioteca Nacional de Agricultura |
||
| 041 | _a(Pt) | ||
| 072 | _aL50 | ||
| 100 | 1 | _aFonseca, C.C. | |
| 100 | 1 | _aNogueira, J.C. | |
| 100 | 1 | _aBarbosa, A.J.A. | |
| 245 | 1 | _aDiâmetro das ilhotas pancreáticas do gambá Didelphis albiventris em desenvolvimento intramarsupial | |
| 650 | _aGAMBÁ | ||
| 650 | _aPANCREAS | ||
| 650 | _aDIÂMETRO | ||
| 650 | _aDIDELPHIS MARSUPIALIS | ||
| 773 | 0 |
_tArchives of Veterinary Science (Brazil) _xISSN 1517-784X _g(2002), v. 7(2) p. 129-134 _wBR0706332 |
|
| 909 |
_a202311 _bLúcia _c55 _dLúcia Elande |
||
| 942 |
_2AGRIS _n0 _cANA |
||
| 999 |
_c191710 _d191710 |
||